Sports Quiz

Random Sports or Soccer Quiz

Corrected UEFA Ranking Top 100 (2016) Quiz Stats

 Plays Quiz not verified by Sporcle

Score 0/101 Timer 12:00
0 Plays Today
Corrected (original) rank Club % Correct
1 (1)Real Madrid
99.4%
3 (3)FC Barcelona
99.1%
5 (5)Chelsea
97.9%
2 (2)Bayern München
97.6%
21 (20)Manchester United
97.5%
7 (7)Paris Saint-Germain
97.2%
11 (11)Manchester City
97.2%
9 (9)Juventus
96.8%
10 (10)Arsenal
96.7%
19 (18)Bayer Leverkusen
96.5%
8 (8)Borussia Dortmund
95.9%
13 (16)FC Porto
94.8%
4 (4)Atlético Madrid
93.4%
26 (25)AC Milan
93%
6 (6)Benfica
92.2%
34 (31)Internazionale
91.8%
37 (35)Liverpool
89.5%
28 (30)Ajax
88.1%
18 (14)Sevilla
87.4%
23 (23)Tottenham Hotspur
87.3%
16 (12)Valencia
86.2%
59 (51)AS Roma
85.5%
16 (17)Napoli
84.9%
12 (15)Zenit St. Petersburg
84.7%
27 (28)Olympique Lyon
84.1%
30 (33)PSV Eindhoven
81.2%
14 (19)FC Basel
80.8%
37 (40)Sporting CP
79.3%
15 (13)Schalke 04
77.3%
22 (24)Olympiacos
76.5%
46 (42)Olympique Marseille
73.9%
44 (54)Celtic
73.6%
28 (32)Galatasaray
73.6%
24 (26)Dynamo Kiev
72.7%
Corrected (original) rank Club % Correct
31 (27)Lazio
71.7%
86 (71)Everton
70.8%
33 (38)Anderlecht
68.5%
60 (58)AS Monaco
67.6%
41 (41)CSKA Moscow
65.8%
57 (62)Besiktas
61.7%
19 (21)Shakhtar Donetsk
61.2%
39 (36)VfL Wolfsburg
60.2%
92 (102)Feyenoord
60.1%
35 (34)Fiorentina
57.5%
48 (52)Fenerbahçe
55.2%
25 (22)Athletic Bilbao
52.9%
66 (86)FC København
51.6%
48 (53)Sparta Praha
50.9%
57 (60)Racing Genk
50.2%
72 (70)Lille OSC
48.1%
78 (84)AA Gent
47.9%
40 (29)Villarreal
47.7%
43 (48)Red Bull Salzburg
47.4%
50 (46)Sporting Braga
46%
51 (61)APOEL Nicosia
45.7%
60 (49)Borussia Mönchengladbach
42.8%
45 (44)AZ Alkmaar
42%
47 (47)Club Brugge
40.3%
69 (77)FC Twente
38.1%
66 (82)Dinamo Zagreb
37.8%
90 (79)Torino
37.8%
74 (88)Rapid Wien
36.7%
84 (69)Newcastle United
36.4%
75 (85)Young Boys
36%
51 (57)Steaua Bucuresti
35.7%
63 (74)Legia Warsaw
35.4%
65 (45)Málaga CF
35.2%
75 (72)Girondins Bordeaux
34.5%
Corrected (original) rank Club % Correct
79 (68)Udinese
33.3%
69 (67)Lokomotiv Moscow
33.3%
84 (104)Malmö FF
33%
71 (78)Standard Liège
32.4%
54 (64)BATE Borisov
32.2%
92 (65)Real Betis
32%
51 (56)PAOK Thessaloniki
31%
77 (75)Dinamo Moscow
29.9%
82 (81)AS Saint-Étienne
29.8%
36 (39)Rubin Kazan
29.6%
98 (80)VfB Stuttgart
28.7%
32 (37)Dnipro Dnipropetrovsk
28.5%
86 (103)Austria Wien
27.5%
79 (98)Maccabi Tel-Aviv
25%
66 (66)Anzhi Makhachkala
24.9%
96 (107)FC Zürich
23.1%
86 (111)Partizan Belgrade
22.9%
56 (59)Trabzonspor
22.7%
64 (83)Ludogorets Razgrad
21.8%
42 (43)Viktoria Plzen
19.9%
92 (110)CFR Cluj
19.8%
92 (73)Eintracht Frankfurt
19.8%
72 (94)NK Maribor
16.5%
79 (97)Molde FK
16.4%
60 (49)Hannover 96
15.3%
54 (55)Metalist Kharkiv
13.8%
86 (87)FK Krasnodar
13.8%
90 (63)Levante UD
10.6%
98 (134)Qarabag Agdam
9.8%
96 (124)FC Midtjylland
8.5%
82 (93)Slovan Liberec
5.7%
100 (118)Asteras Tripoli
2.5%
100 (129)Esbjerg fB
2.2%

You're not logged in!

Compare scores with friends on all Sporcle quizzes.
OR
Log In

Show Comments

Extras

Top Quizzes Today


Score Distribution

Your Account Isn't Verified!

In order to create a playlist on Sporcle, you need to verify the email address you used during registration. Go to your Sporcle Settings to finish the process.

Report this User

Report this user for behavior that violates our Community Guidelines.

Details: